| 000 | 01104nam a22003497a 4500 | ||
|---|---|---|---|
| 003 | CHAP | ||
| 005 | 20220329140354.0 | ||
| 008 | 971013s1954 r 00010 d | ||
| 010 | _a51057 | ||
| 011 | _a52029 | ||
| 035 | _a56179 | ||
| 040 | _cCHAP | ||
| 082 |
_a634.9751 _bW34 |
||
| 100 | 0 | 0 |
_aWakeley, Philip Carman. _9120822 |
| 245 | _aPlanting the southern pines | ||
| 260 |
_aWashington : _bDepartament of Agriculture, _c1954 |
||
| 300 |
_a233 p. _b: ilus. |
||
| 490 |
_aAgriculture monograph _v; 18 |
||
| 590 |
_aBATCH-UPD _b10 _c20130110 _lUCH01 _h0433 |
||
| 590 |
_aBATCH-UPD _b10 _c20130110 _lUCH01 _h2216 |
||
| 590 |
_aBATCH-UPD _b10 _c20130410 _lUCH01 _h0108 |
||
| 590 |
_aBATCH-UPD _b10 _c20130914 _lUCH01 _h1159 |
||
| 590 |
_aCONVERSION _b10 _c20130109 _lUCH01 _h1328 |
||
| 650 | 1 | 4 |
_aDesforestación. _932131 |
| 650 | 1 | 4 |
_aPináceas. _988210 |
| 650 | 1 | 4 |
_aReforestación _xE.U.A. _995486 |
| 650 | 1 | 4 |
_aViveros forestales. _9120100 |
| 830 | 0 |
_aAgriculture monograph _v; 18 _92130 |
|
| 901 | _aBK | ||
| 942 | _cLIBRO | ||
| 949 |
_a634.9751 W34 _bBC _cLIBRO _d33724000255329 _eLIBRO _h23890 _i56179 _si |
||
| 999 |
_c51057 _d51057 |
||